000 00411nam a22001577a 4500
005 20250407100941.0
008 250407b |||||||| |||| 00| 0 eng d
050 _aRC69 .M33 1970
100 _aMACBRYDE, CYRIL MITCHELL
245 _aSIGNS AND SYMPTOMS
250 _a5TH ED
260 _aPHILADELPHIA
_bJ. B. LIPPINCOTT COMPANY
_c1970
300 _aXX, P1025
500 _aINCLUDES INDEX
942 _2lcc
_cBK
999 _c215251
_d215251